|
|
|
|
| LEADER |
00000nam a2200000 4500 |
| 008 |
150826b2015 cr a|||| |||| 00| | spa d |
| 090 |
|
|
|a 05.01.01
|b 2263
|
| 245 |
1 |
0 |
|a Musa obrera: historia, balances y desafíos de la clase trabajadora en el centenario del 1 de mayo en Costa Rica, 1913-2013 /
|c Mario Torres Montiel; Juan José Marín Hernández, compiladores
|
| 260 |
|
|
|a San José, Costa Rica :
|b CIHAC,
|c 2015
|
| 300 |
|
|
|a 320 páginas
|
| 650 |
1 |
4 |
|9 932
|a HISTORIA SOCIAL
|
| 650 |
1 |
4 |
|9 933
|a TRABAJADORES
|
| 650 |
1 |
4 |
|9 934
|a SINDICATOS
|
| 650 |
1 |
4 |
|9 374
|a MOVIMIENTOS SOCIALES
|
| 651 |
|
0 |
|9 47
|a COSTA RICA
|
| 700 |
1 |
|
|9 931
|a Torres Montiel, Mario
|e Compilador
|
| 700 |
1 |
|
|9 935
|a Marín Hernández, Estela
|e compilador
|
| 942 |
|
|
|i 004045
|h 05.01.01 2263
|2 z
|c 01
|
| 999 |
|
|
|c 2824
|d 2824
|